Ärmste Länder mit Ausnahmen - Statistiken

Allgemein
  • Dieses Quiz wurde 14.130 mal gespielt
  • Das Durchschnittsergebnis liegt bei 13 aus 20
Antwortstatistiken
Pro Kopf Kontinent Land % Korrekt
1484€ Asien Nordkorea
80%
8477€ Asien Indien
77%
8094€ Asien Bangladesch
75%
2298€ Asien Afghanistan
73%
6387€ Asien Pakistan
73%
9158€ Asien Laos
69%
4766€ Asien Nepal
68%
7501€ Südamerika Venezuela
67%
9649€ Südamerika Bolivien
65%
4795€ Asien Myanmar
63%
2611€ Asien Syrien
63%
3035€ Nordamerika Haiti
62%
5840€ Asien Kirgisistan
62%
4946€ Asien Tadschikistan
62%
5692€ Asien Kambodscha
61%
9631€ Asien Usbekistan
61%
6753€ Nordamerika Honduras
57%
1908€ Asien Jemen
57%
7102€ Nordamerika Nicaragua
56%
3398€ Asien Osttimor
43%
Keine übereinstimmenden Quizze gefunden
Verteilung der Resultate
Anzahl Personen mit jedem Resultat
Perzentil nach korrekt beantworteten Fragen
Ihre Resultats-Entwicklung
Sie haben dieses Quiz noch nicht gespielt